Historia diplomática de la independencia de Chile
שמור ב:
| מחבר ראשי: | |
|---|---|
| פורמט: | ספר |
| שפה: | ספרדית |
| יצא לאור: |
Santiago, Chile
Andrés Bello
1961
|
| סדרה: | Historia de las relaciones internacionales de Chile
|
| נושאים: | |
| תגים: |
הוספת תג
אין תגיות, היה/י הראשונ/ה לתייג את הרשומה!
|
MARC
| LEADER | 00000nam a2200000 a 4500 | ||
|---|---|---|---|
| 001 | UCY3609 | ||
| 003 | CL-VaPUC | ||
| 005 | 20220304143603.0 | ||
| 008 | 950110e19610000CL |||||||||||||||||spa|d | ||
| 999 | |c 231701 |d 231699 | ||
| 040 | |c Pontificia Universidad Católica de Valparaíso | ||
| 082 | 0 | 4 | |a 327.09 MON 1961 |2 21 |
| 100 | |a Montaner Bello, Ricardo |e autor |9 566007 | ||
| 245 | 1 | 0 | |a Historia diplomática de la independencia de Chile |
| 260 | |a Santiago, Chile |b Andrés Bello |c 1961 | ||
| 300 | |a 463 páginas | ||
| 490 | 0 | |a Historia de las relaciones internacionales de Chile | |
| 583 | |a last modification |c 20190823 16:56:58 |k Rodrigo Vera | ||
| 650 | 0 | |a Relaciones Exteriores |z CHILE |9 255379 | |
| 650 | 7 | |a DIPLOMACIA |z CHILE |9 856446 | |
| 852 | |a BIBCUR | ||
| 942 | |c BK |2 ddc | ||
| 945 | |d 19950110 00:00:00 |a rbrito | ||
| 952 | |0 0 |1 0 |2 ddc |4 0 |6 327_090000000000000_MON_1961 |7 0 |8 P |9 235230 |a BIBEDU |b BIBEDU |c BIBEDU_PB |d 2019-11-15 |i 3035522 |o 327.09 MON 1961 |p 3035522 |r 2024-01-25 |t 6 |w 2019-11-15 |y BK |k EDU | ||
| 952 | |0 0 |1 0 |2 ddc |4 0 |6 327_090000000000000_MON_1961 |7 0 |8 A |9 235231 |a BIBDER |b BIBDER |d 2019-11-15 |i 1864734 |o 327.09 MON 1961 |p 1864734 |r 2023-01-25 |t 1 |w 2019-11-15 |y BK |k DER | ||
| 952 | |0 0 |1 0 |2 ddc |4 0 |6 327_090000000000000_MON_1961 |7 0 |8 DER_HDC |9 235233 |a BIBDER |b BIBDER |d 2019-11-15 |i 189269K |o 327.09 MON 1961 |p 189269K |r 2023-01-25 |t 3 |w 2019-11-15 |x Ubicación 4to Piso |y BK |z Estos recursos deben solicitarse con anticipación |k DER | ||
| 952 | |0 0 |1 0 |2 ddc |4 0 |6 327_090000000000000_MON_1961 |7 0 |8 A |9 235234 |a BIBHIS |b BIBHIS |d 2019-11-15 |i 1255193 |o 327.09 MON 1961 |p 1255193 |r 2025-01-20 |t 4 |w 2019-11-15 |y BK |k HIS | ||
| 952 | |0 0 |1 0 |2 ddc |4 0 |6 327_090000000000000_MON_1961 |7 0 |8 A |9 235235 |a BIBHIS |b BIBHIS |d 2019-11-15 |i 4408659 |o 327.09 MON 1961 |p 4408659 |r 2025-01-20 |t 5 |w 2019-11-15 |y BK |k HIS | ||